10 Most Populous Cities in New Mexico - Statistics

General Stats
  • This quiz has been taken 9 times
  • The average score is 8 of 10
Answer Stats
Population City % Correct
558,736 Albuquerque
100%
115,956 Las Cruces
100%
112,735 Rio Rancho
100%
46,669 Roswell
100%
89,646 Santa Fe
100%
46,149 Farmington
86%
37,311 Clovis
71%
38,962 Hobbs
57%
31,400 Alamogordo
43%
36,052 Sout Valley
0%
No matching quizzes found
Score Distribution
Percent of People with Each Score
Percentile by Number Answered
Your Score History
You have not taken this quiz